[Event "Santa Cruz op 5th"]
[Site "Santa Cruz"]
[Date "2023.02.18"]
[Round "6"]
[White "Trujillo Caceres, Juan David"]
[Black "Coro, Soledad"]
[Result "1/2-1/2"]
[WhiteElo "1475"]
[BlackElo "1618"]
[PlyCount "76"]
[EventDate "2023.02.16"]
[EventType "swiss"]
[EventRounds "7"]
[EventCountry "BOL"]
[SourceTitle "CBM 212 Extra"]
[Source "ChessBase"]
[SourceDate "2023.03.31"]
[SourceVersion "1"]
[SourceVersionDate "2023.03.31"]
[SourceQuality "1"]

1. d4 Nf6 2. Nf3 c5 3. g3 g6 4. Bg2 Bg7 5. 0-0 cxd4 6. Nxd4 Nc6 7. Nc3 0-0 8. Bg5 Qa5 9. Nf3 d6 10. Qd2 Re8 11. Bxf6 Bxf6 12. Nd5 Qd8 13. Nxf6+ exf6 14. Rfe1 d5 15. Rad1 Be6 16. Nd4 Kg7 17. c3 Qb6 18. Qd3 Ne5 19. Qb5 Rad8 20. Qxb6 axb6 21. a3 Nc4 22. Rb1 Nd2 23. Rbc1 Nc4 24. Rc2 h6 25. Ra1 Ne5 26. b3 Nc6 27. f4 Rc8 28. Rcc1 h5 29. Kf2 Na5 30. e3 Nc6 31. Bf3 Bg4 32. Bxg4 hxg4 33. Rab1 Rh8 34. Kg2 Rh3 35. Nb5 Ne7 36. Nd4 Nc6 37. c4 Nxd4 38. exd4 Rd8 1/2-1/2